[Event "Dos Hermanas Qualifier"]
[Site "Internet ICC"]
[Date "2000.03.18"]
[Round "2.1"]
[White "Popov,Val"]
[Black "Adla,D"]
[Result "0-1"]
[WhiteElo "2534"]
[BlackElo "2492"]

1.d4 d5 2.c4 dxc4 3.Nf3 Nf6 4.e3 e6 5.Bxc4 c5 6.O-O Nc6 7.Qe2 cxd4 8.Rd1 Be7
9.Nc3 O-O 10.exd4 Na5 11.Bd3 b6 12.Bg5 Bb7 13.Rac1 Rc8 14.Ba6 Bxa6 15.Qxa6 Nc4
16.Bxf6 Bxf6 17.b3 Nd6 18.Ne2 Qd7 19.Ng3 Rxc1 20.Rxc1 Rc8 21.Rxc8+ Nxc8 22.h3 Ne7
23.Ne4 Nd5 24.Nxf6+ gxf6 25.Qc4 Kg7 26.g3 Qb7 27.Nd2 Ne7 28.h4 Nf5 29.a4 Nd6
30.Qe2 Qd5 31.Qg4+ Kf8 32.Qf4 Ke7 33.g4 h5 34.f3 a6 35.Kf2 b5 36.axb5 axb5
37.g5 fxg5 38.hxg5 Nf5 39.Qc7+ Kf8 40.Qb8+ Kg7 41.Qe5+ Kg8 42.Qb8+ Kh7 43.Ne4 Qxd4+
44.Kg2 Kg7 45.Qxb5 Nh4+ 46.Kg3 Nf5+ 47.Kg2 Nh4+ 48.Kg3 Qg1+  0-1

[Event "Cat XI Spring"]
[Site "Kiev UKR"]
[Date "2000.03.22"]
[Round "1"]
[White "Vorobiov,E"]
[Black "Korotylev,A"]
[Result "1/2-1/2"]
[WhiteElo "2500"]
[BlackElo "2477"]

1.d4 d5 2.c4 dxc4 3.Nf3 Nf6 4.e3 e6 5.Bxc4 c5 6.O-O a6 7.a4 Nc6 8.Nc3 cxd4
9.exd4 Be7 10.d5 exd5 11.Nxd5 Nxd5 12.Qxd5 Qxd5 13.Bxd5 O-O  1/2-1/2

[Event "It"]
[Site "Tel Aviv ISR"]
[Date "2000.03.22"]
[Round "3"]
[White "Gershon,A"]
[Black "Jonkman,H"]
[Result "1-0"]
[WhiteElo "2471"]
[BlackElo "2446"]

1.d4 d5 2.c4 dxc4 3.e3 Nf6 4.Bxc4 e6 5.Nf3 c5 6.O-O a6 7.Bb3 Nc6 8.Nc3 Be7
9.dxc5 Qxd1 10.Rxd1 Bxc5 11.Bd2 Bd7 12.Rac1 Ba7 13.Be1 Ke7 14.Na4 Rhc8 15.Nc5 Bxc5
16.Rxc5 Ne4 17.Rc4 Nd6 18.Rc2 Be8 19.Bc3 a5 20.Re2 f6 21.Nd4 Nd8 22.Bc2 Bg6
23.e4 e5 24.Nf5+ Bxf5 25.exf5 Nb5 26.Red2 Rc7 27.Ba4 Nxc3 28.Rd7+ Rxd7 29.Rxd7+ Kf8
30.bxc3 Rc8 31.Kf1 Nf7 32.Bb3 Nh6 33.Rxb7 Rxc3 34.Be6 Rc6 35.h3 g6 36.g4 gxf5
37.gxf5 Rc3 38.Kg2 Ra3 39.Rxh7 Nxf5 40.Bxf5 Rxa2 41.Be6 Rb2 42.Rf7+ Ke8 43.Ra7 e4
44.Kg3 Rb6 45.Bd5 f5 46.Rxa5 Ke7 47.Kf4 Rb2 48.Ra2 Rb5 49.Ke5 Rc5 50.Ra7+ Ke8
51.Kd6 Rc8 52.Ra8 Rxa8 53.Bxa8 Kf7 54.Ke5 Kg6 55.Kf4  1-0

[Event "Cat XI Spring"]
[Site "Kiev UKR"]
[Date "2000.03.26"]
[Round "5"]
[White "Korotylev,A"]
[Black "Svetushkin,D"]
[Result "1/2-1/2"]
[WhiteElo "2477"]
[BlackElo "2486"]

1.d4 d5 2.c4 dxc4 3.Nf3 Nf6 4.e3 e6 5.Bxc4 c5 6.O-O a6 7.Bb3 b5 8.a4 b4 9.Nbd2 Bb7
10.e4 cxd4 11.e5 Nfd7 12.Nc4 Nc6 13.Bg5 Qc7 14.Rc1 Bc5 15.Re1 h6 16.Bh4 O-O
17.Bg3 Rfd8 18.Bc2 Nf8 19.Qd3 Rac8 20.Bb1 Be7 21.Bf4 Rd5 22.h4 Qd8 23.Rcd1 Na5
24.Nfd2 Nxc4 25.Nxc4 a5 26.Qb3 Rdc5 27.Nd2 Bxh4 28.Ne4 Bxe4 29.Rxe4 Bg5 30.Rexd4 Qe7
31.Bg3 Rc1 32.Be4 Qa7 33.Kh2 Qa6 34.f4 Be7 35.Qf3 Rxd1 36.Rxd1 Rd8 37.Rxd8 Bxd8
38.Bd3 Qa7 39.Qe4 Qd7 40.Bb5 Qd2 41.Qd3 Qxd3 42.Bxd3 Nd7 43.Bb5 Nb6 44.Kg1 f5
45.exf6 Bxf6 46.b3 Nd5 47.Kf2 Kf7 48.Kf3 Ke7 49.Bf2 Kd6 50.Bc4  1/2-1/2

[Event "Women's Open"]
[Site "St Petersburg RUS"]
[Date "2000.04.10"]
[Round "4"]
[White "Kursova,M"]
[Black "Stjazhkina,O"]
[Result "1/2-1/2"]
[WhiteElo "2091"]
[BlackElo "2319"]

1.d4 d5 2.Nf3 Nf6 3.c4 dxc4 4.e3 e6 5.Bxc4 c5 6.O-O Nc6 7.Nc3 a6 8.Qe2 Qc7
9.Rd1 Bd6 10.h3 O-O 11.dxc5 Bxc5 12.a3 b5 13.Ba2 Bb7 14.b4 Ba7 15.Bb2 Rad8
16.Rac1 Rxd1+ 17.Qxd1 Rd8 18.Qc2 Ne5 19.Nxe5 Qxe5 20.Nd5 Qg5 21.h4 Qxh4 22.Bxf6 gxf6
23.Qc7 Rb8 24.Ne7+ Kh8 25.Nc6 Bxc6 26.Qxa7 Rg8 27.Rxc6 Qe4 28.g3 Qxc6 29.Qxf7 Qc1+
30.Kg2 Qc6+ 31.Kg1 Qf3 32.Bb1  1/2-1/2

[Event "Match"]
[Site "Cannes FRA"]
[Date "2000.04.18"]
[Round "1"]
[White "Piket,Je"]
[Black "Tkachiev,V"]
[Result "1/2-1/2"]
[WhiteElo "2633"]
[BlackElo "2670"]

1.d4 d5 2.c4 dxc4 3.Nf3 Nf6 4.e3 e6 5.Bxc4 c5 6.O-O a6 7.Bb3 b5 8.a4 b4 9.Nbd2 cxd4
10.Nc4 Be7 11.Nxd4 Bb7 12.Ne5 Bd5 13.e4 Bxb3 14.Nxb3 Qxd1 15.Rxd1 Nxe4 16.Be3 Nf6
17.Rac1 Nbd7 18.Nc6 Nd5 19.Nba5 Bf6 20.Nc4 O-O 21.Nxb4 Nxb4 22.Rxd7 Rfd8  1/2-1/2

[Event "4NCL"]
[Site "Birmingham ENG"]
[Date "2000.04.29"]
[Round "9"]
[White "Pert,R"]
[Black "Turner,M"]
[Result "0-1"]
[WhiteElo "2298"]
[BlackElo "2487"]

1.d4 d5 2.c4 dxc4 3.e3 Nf6 4.Nf3 e6 5.Bxc4 c5 6.Qe2 a6 7.dxc5 Bxc5 8.O-O b5
9.Bd3 Nc6 10.Nbd2 Qc7 11.b3 Nb4 12.Bb1 Bb7 13.Bb2 Be7 14.e4 Rd8 15.a3 Nc6
16.e5 Nd5 17.Ne4 h6 18.Ng3 Na5 19.Rc1 Qb8 20.Nd4 Nf4 21.Qd2 Nxb3 22.Qxf4 Bg5
23.Qg4 Nxc1 24.f4 h5 25.Qxg5 Qa7 26.Nf5 exf5 27.Qxg7 Rf8 28.e6 Ne2+ 29.Kf1 Nxd4
30.e7 Kxe7 31.Bxf5 Bxg2+ 32.Qxg2 Ne6 33.Re1 Qc5 34.Bxe6 fxe6 35.Qg7+ Kd6
36.Rd1+ Kc6 37.Rc1 Rxf4+ 38.Kg2 Rc4  0-1

[Event "Japfa Open"]
[Site "Bali INA"]
[Date "2000.05.07"]
[Round "5"]
[White "Kosasih,C"]
[Black "Barua,D"]
[Result "1/2-1/2"]
[WhiteElo "2365"]
[BlackElo "2555"]

1.d4 d5 2.c4 dxc4 3.e3 Nf6 4.Bxc4 e6 5.Nf3 c5 6.O-O a6 7.Qe2 b5 8.Bb3 Bb7
9.a4 b4 10.Rd1 Qc7 11.Nbd2 Nbd7 12.Nc4 Be7 13.Bd2 O-O 14.Rac1 Bd5 15.Be1 a5
16.Ncd2 Qb7 17.Bxd5 exd5 18.dxc5 Nxc5 19.Ra1 Nfe4 20.Nd4 Nxd2 21.Rxd2 Bf6
22.Qd1 Rac8 23.f3 Rfd8 24.Rc1 Ne6 25.Rxc8 Rxc8 26.Nb5 Rc5 27.h3 Qc6 28.Na7 Qb7
29.Nb5 h5 30.f4 h4 31.Kh2 Qc6 32.Na7 Qe8 33.Nb5 Qc6 34.Na7 Qa8 35.Nb5 Qc6  1/2-1/2

[Event "ch-RUS Women"]
[Site "Elista RUS"]
[Date "2000.05.14"]
[Round "4"]
[White "Strutinskaya,G"]
[Black "Slavina,I"]
[Result "1/2-1/2"]
[WhiteElo "2314"]
[BlackElo "2261"]

1.d4 d5 2.c4 dxc4 3.e3 Nf6 4.Bxc4 e6 5.Nf3 c5 6.O-O a6 7.a4 Nc6 8.Nc3 Qc7
9.Qe2 Bd6 10.Rd1 O-O 11.h3 e5 12.dxe5 Nxe5 13.Nxe5 Bxe5 14.Qc2 Re8 15.Bd2 Bd7
16.a5 Bc6 17.Na4 Be4 18.Qb3 Bc6 19.Qc2 Bc3 20.Nxc3  1/2-1/2

[Event "ch-IND"]
[Site "Mumbai IND"]
[Date "2000.05.18"]
[Round "4"]
[White "Sundararajan,K"]
[Black "Barua,D"]
[Result "1-0"]
[WhiteElo "2433"]
[BlackElo "2555"]

1.d4 d5 2.c4 dxc4 3.Nf3 Nf6 4.e3 e6 5.Bxc4 c5 6.O-O a6 7.Bb3 Nc6 8.Nc3 Be7
9.Qe2 cxd4 10.Rd1 d3 11.Rxd3 Qc7 12.e4 O-O 13.e5 Nd7 14.Bf4 Nc5 15.Re3 f5
16.exf6 Qxf4 17.fxe7 Nxe7 18.Ne5 Nf5 19.Rf3 Qb4 20.Nd3 Nxd3 21.Rxd3 Kh8 22.Rad1 Qe7
23.Qe5 b5 24.Ne4 a5 25.Nd6 Nxd6 26.Rxd6 a4 27.Bxe6 Re8 28.Re1 Ra6 29.Rxa6 Bxa6
30.f4 Qa7+ 31.Re3 b4 32.f5 Bc4 33.a3 bxa3 34.bxa3 h6 35.h3 Bb3 36.Kh2 Qe7
37.Rg3 Rd8 38.Rg6 Bxe6 39.Rxh6+ Kg8 40.Rxe6 Qxa3 41.Re7 Qd6 42.Rxg7+ Kf8
43.Qxd6+  1-0

[Event "ch-TKM"]
[Site "Ashgabat TKM"]
[Date "2000.05.23"]
[Round "11"]
[White "Grigoryan,K"]
[Black "Tselutin,E"]
[Result "1-0"]
[WhiteElo "2362"]
[BlackElo "2202"]

1.d4 d5 2.c4 dxc4 3.Nf3 Nf6 4.e3 e6 5.Bxc4 c5 6.O-O Nc6 7.Qe2 a6 8.a4 cxd4
9.Rd1 Be7 10.exd4 O-O 11.Nc3 Nb4 12.Ne5 Nfd5 13.Qf3 Qc7 14.Qg3 f6 15.Bxd5 Nxd5
16.Nxd5 exd5 17.Bf4 Bd6 18.Rac1 Qd8 19.Ng6 hxg6 20.Bxd6 Rf7 21.Bc7 Qd7 22.a5 Qg4
23.Qb3 Qf5 24.Re1 Bd7 25.Qxb7 Rc8 26.Qxa6 g5 27.Qb7 Bb5 28.Qxb5 Rfxc7 29.Rxc7 Rxc7
30.Qe8+  1-0

[Event "ch-IND"]
[Site "Mumbai IND"]
[Date "2000.05.23"]
[Round "8"]
[White "Murugan,K"]
[Black "Prakash,G"]
[Result "1/2-1/2"]
[WhiteElo "2382"]
[BlackElo "2435"]

1.d4 d5 2.c4 c6 3.Nf3 Nf6 4.e3 e6 5.Bd3 dxc4 6.Bxc4 c5 7.O-O a6 8.Qe2 Nc6
9.Rd1 b5 10.dxc5 Qc7 11.Bd3 Nb4 12.a3 Nxd3 13.Qxd3 Bxc5 14.b4 Be7 15.Bb2 Bb7
16.Be5 Qc6 17.Nbd2 Qd5 18.Qxd5 Bxd5 19.Bc7 O-O 20.Rac1 Rfc8 21.Nd4 g5 22.f3 Bc4
23.Nxc4 bxc4 24.Ba5 Nd5 25.Kf2 Bf6 26.g3 Be5 27.Rc2 Rab8 28.Ne2 Bc7 29.Bxc7 Rxc7
30.e4 Nb6 31.Nc3 Kf8 32.Ke3  1/2-1/2

[Event "ch-IND"]
[Site "Mumbai IND"]
[Date "2000.05.28"]
[Round "12"]
[White "Hegde,R"]
[Black "Ganguly,S"]
[Result "1/2-1/2"]
[WhiteElo "2387"]
[BlackElo "2440"]

1.d4 d5 2.c4 dxc4 3.Nf3 Nf6 4.e3 e6 5.Bxc4 c5 6.O-O a6 7.Bb3 b5 8.a4 b4 9.Nbd2 Bb7
10.e4 cxd4 11.e5 Nfd7 12.Nc4 Nc5 13.Bg5 f6 14.Bh4 g5 15.Nxd4 h5 16.Re1 Nxb3
17.Nd6+ Bxd6 18.Nxe6 Qb6 19.exd6 Nxa1 20.d7+ Nxd7 21.Nc5+ Kf7 22.Qxd7+ Kg6
23.Qd3+ Kf7 24.Qd7+ Kg6 25.Qd3+  1/2-1/2

[Event "ch-IND"]
[Site "Mumbai IND"]
[Date "2000.05.31"]
[Round "14"]
[White "Murugan,K"]
[Black "Ganguly,S"]
[Result "1/2-1/2"]
[WhiteElo "2382"]
[BlackElo "2440"]

1.d4 d5 2.c4 dxc4 3.Nf3 Nf6 4.e3 e6 5.Bxc4 c5 6.O-O a6 7.b3 cxd4 8.Nxd4 Bd7
9.Nd2 Nc6 10.N2f3 Qc7 11.Bb2 Bd6 12.Re1 O-O 13.Bd3 e5 14.Nxc6 bxc6 15.Nd2 Rfd8  1/2-1/2

[Event "Master Open"]
[Site "Lausanne SUI"]
[Date "2000.06.02"]
[Round "4"]
[White "D'Costa,L"]
[Black "Turner,M"]
[Result "1/2-1/2"]
[WhiteElo "2215"]
[BlackElo "2487"]

1.d4 d5 2.c4 dxc4 3.Nf3 Nf6 4.e3 e6 5.Bxc4 c5 6.O-O a6 7.Qe2 b5 8.Bb3 Bb7
9.Rd1 Nbd7 10.a4 Rb8 11.axb5 axb5 12.Bc2 Qb6 13.h3 cxd4 14.Nxd4 b4 15.Nd2 Be7
16.Nc4 Qc5 17.Ra5 Qc8 18.Nb5 O-O 19.Nbd6 Qc6 20.Nxb7 Rxb7 21.b3 Nb6 22.Ra6 Qb5
23.Ra5 Qc6 24.Ra6 Qb5 25.Ra5  1/2-1/2

[Event "Guillermo Garcia Premier II"]
[Site "Santa Clara CUB"]
[Date "2000.06.02"]
[Round "8"]
[White "Hernandez,Rom"]
[Black "Arencibia,W"]
[Result "1/2-1/2"]
[WhiteElo "2402"]
[BlackElo "2529"]

1.d4 d5 2.c4 dxc4 3.Nf3 e6 4.e3 c5 5.Bxc4 Nf6 6.O-O a6 7.dxc5 Qxd1 8.Rxd1 Bxc5
9.a3 b5 10.Bd3 Bb7 11.b4 Be7 12.Bb2 Nbd7  1/2-1/2

[Event "Bank Pocztowy Open"]
[Site "Bydgoszcz POL"]
[Date "2000.06.03"]
[Round "6"]
[White "Malaniuk,V"]
[Black "Kantorik,M"]
[Result "1-0"]
[WhiteElo "2572"]
[BlackElo "2303"]

1.d4 d5 2.c4 dxc4 3.e3 e6 4.Bxc4 Nf6 5.Nf3 c5 6.O-O a6 7.dxc5 Qxd1 8.Rxd1 Bxc5
9.Nbd2 Nc6 10.Be2 b5 11.a4 bxa4 12.Rxa4 Bb7 13.Nb3 Be7 14.e4 O-O 15.Be3 Rfd8
16.Rc1 Nb8 17.Nfd2 Bc6 18.Rd4 Rxd4 19.Nxd4 Bd7 20.Nc4 Bd8 21.Ne5 Kf8 22.f3 Ke8
23.Kf1 Bb6 24.Bf2 Ra7 25.Nc4 Bc5 26.b4 Bxd4 27.Bxd4 Ra8 28.Nb6 Ra7 29.e5 Ng8
30.Nc4 Ra8 31.Nd6+ Kf8 32.Bc5 Ne7 33.Nc4 Nc6 34.Nb6 Rd8 35.Bd6 Ke8 36.Bxa6 Nd4
37.Bc7  1-0

[Event "FSGM June"]
[Site "Budapest HUN"]
[Date "2000.06.07"]
[Round "5"]
[White "Belichev,N"]
[Black "Lazarev,V"]
[Result "1/2-1/2"]
[WhiteElo "2414"]
[BlackElo "2493"]

1.d4 d5 2.Nf3 Nf6 3.c4 dxc4 4.e3 e6 5.Bxc4 c5 6.O-O a6 7.Bd3 Nbd7 8.Qe2 b6
9.b3 Bb7 10.Bb2 Qb8 11.Nbd2 Be7 12.Rac1 O-O 13.h3 Rc8 14.Nc4 Qc7  1/2-1/2

[Event "FSGM June"]
[Site "Budapest HUN"]
[Date "2000.06.11"]
[Round "9"]
[White "Belichev,N"]
[Black "Kallai,G"]
[Result "1/2-1/2"]
[WhiteElo "2414"]
[BlackElo "2489"]

1.d4 d5 2.Nf3 Nf6 3.c4 dxc4 4.e3 e6 5.Bxc4 c5 6.O-O a6 7.Bd3 b6 8.Qe2 Bb7
9.Rd1 Nbd7 10.dxc5 Bxc5 11.a3 Qc7 12.Nbd2 a5 13.b3 Ne5 14.Bb5+ Ke7 15.Bb2 Nxf3+
16.Nxf3 Rhd8 17.Be5 Bxf3 18.Bxf6+ Kxf6 19.Qxf3+  1/2-1/2

[Event "ch-IND Women"]
[Site "Mumbai IND"]
[Date "2000.06.14"]
[Round "8"]
[White "Meenakshi,S"]
[Black "Swathi,G"]
[Result "1/2-1/2"]
[WhiteElo "2195"]
[BlackElo "2297"]

1.d4 d5 2.c4 dxc4 3.Nf3 Nf6 4.e3 e6 5.Bxc4 c5 6.O-O a6 7.Bb3 Nc6 8.Qe2 cxd4
9.Rd1 Be7 10.exd4 Na5 11.Bc2 b5 12.Nc3 Bb7 13.Bf4 Nc4 14.b3 Nb6 15.Ne4 Nbd5
16.Bd2 Rc8 17.Bd3 O-O 18.Rac1 Qb6 19.a4 b4 20.Nxf6+ Nxf6 21.Bc4 Ne4 22.Re1 Nxd2
23.Qxd2 Rcd8 24.Rcd1 Rd6 25.Qf4 Bf6 26.Rd3 Rfd8 27.Red1 Qc6 28.Kf1 h6 29.Qg4 a5
30.Qf4 Qe4 31.Qxe4 Bxe4 32.R3d2 g5 33.h3 h5 34.Re1 Bf5 35.Bd3 g4 36.Bxf5 exf5
37.Ne5 Bg5 38.Rc2 Rxd4 39.Nc6 Rd2 40.Rxd2 Rxd2 41.Nxa5 Kg7 42.Nc4 Ra2 43.g3 Bf6
44.Rd1 Bc3 45.a5 Kf6 46.Rd6+ Ke7 47.Rd5 Ke6 48.Rd3 f6 49.Rd6+ Ke7 50.Rd3 Ke6
51.Re3+ Kd5 52.Re2 Ra1+ 53.Kg2 Bd4 54.Rd2 Kc5 55.Rc2 Bc3 56.Re2 Bd4 57.Rc2 Kd5
58.Nb6+ Ke4 59.Na4 Rxa4 60.bxa4 b3 61.Rc7 b2 62.Rb7 Kd3 63.a6 Kc2 64.Rc7+ Kd2
65.Rb7 Kc2 66.Rc7+ Kd2  1/2-1/2

[Event "IM"]
[Site "Stockholm SWE"]
[Date "2000.06.18"]
[Round "9"]
[White "Matros,A"]
[Black "Hjelm,N"]
[Result "1-0"]
[WhiteElo "2413"]
[BlackElo "2347"]

1.d4 d5 2.c4 dxc4 3.Nf3 Nf6 4.e3 e6 5.Bxc4 c5 6.O-O a6 7.Bb3 cxd4 8.exd4 Nc6
9.Nc3 Be7 10.Re1 O-O 11.a3 b5 12.d5 exd5 13.Nxd5 Nxd5 14.Bxd5 Bb7 15.Bf4 Bf6
16.Re2 Na5 17.Rd2 Bxd5 18.Rxd5 Qc8 19.Be5 Bxe5 20.Nxe5 Qe6 21.b4 Nb7 22.Qd4 Rfe8
23.g3 Nd6 24.Rd1 Nf5 25.Qf4 Nh6 26.Nd7 Kh8 27.Kg2 f6 28.Nc5 Qe2 29.R1d2 Qe1
30.Rd7 a5 31.bxa5 Rxa5 32.Qc7  1-0

[Event "XVIII Open"]
[Site "Andorra AND"]
[Date "2000.06.27"]
[Round "4"]
[White "Cosma,I"]
[Black "Georgiev,Vl"]
[Result "1/2-1/2"]
[WhiteElo "2468"]
[BlackElo "2538"]

1.d4 Nf6 2.Nf3 d5 3.c4 dxc4 4.e3 e6 5.Bxc4 c5 6.Qe2 cxd4 7.exd4 Nc6 8.O-O Be7
9.Rd1 O-O 10.Nc3 Na5 11.Bd3 b6 12.Qe5 Bb7 13.Qg3 Kh8 14.Qh3 Bxf3 15.Qxf3 Rc8
16.Ba6 Rc7 17.Bf4 Rd7 18.Be5 Qa8 19.Qh3 Nd5 20.Rac1 Bg5 21.Bd3 f5 22.Bb5 Rdd8
23.Qg3 Bf6 24.Re1 Nxc3 25.Rxc3 Bxe5 26.Rxe5 Rxd4 27.Rxe6 f4 28.Qf3 Qxf3 29.gxf3 Rb4
30.a4 Nb3 31.Re7 Nd4 32.Rxa7 Nxb5 33.axb5 Rxb2 34.Rf7 Kg8 35.Rxf8+ Kxf8 36.Rc8+ Kf7
37.Rc7+ Kf8  1/2-1/2

[Event "White Nights Women"]
[Site "St Petersburg RUS"]
[Date "2000.06.28"]
[Round "5"]
[White "Ovod,E"]
[Black "Sorokina,A"]
[Result "1-0"]
[WhiteElo "2318"]
[BlackElo "2165"]

1.d4 d5 2.c4 dxc4 3.e3 e6 4.Bxc4 Nf6 5.Nf3 c5 6.Qe2 a6 7.dxc5 Bxc5 8.e4 Qc7
9.O-O Ng4 10.e5 Nc6 11.Bf4 f6 12.Nbd2 O-O 13.Rac1 fxe5 14.Bg3 Qb6 15.h3 Nh6
16.Bxe5 Nf5 17.Ne4 Nxe5 18.Nxc5 Nxf3+ 19.Qxf3 Kh8 20.Bb3 Re8 21.Rfd1 e5 22.Qe4 Nd6
23.Qd5 Nb5 24.Qf7 Qg6 25.Qxg6 hxg6 26.Bf7 Rf8 27.Bxg6 Nd4 28.Re1 Bf5 29.Bxf5 Rxf5
30.Nxb7 Rg5 31.Re3 Rf8 32.Nd6 Nf3+ 33.Kh1 Nh4 34.Rg3 Rh5 35.Rc7 g6 36.Kg1 Nf5
37.Rxg6 Nxd6 38.Rxd6 e4 39.Rxa6 Rg8 40.Re6 Rhg5 41.Rh6+  1-0

[Event "FSIMB July"]
[Site "Budapest HUN"]
[Date "2000.07.06"]
[Round "6"]
[White "Xu Hanbing"]
[Black "Hjelm,N"]
[Result "1/2-1/2"]
[WhiteElo "2420"]
[BlackElo "2347"]

1.Nf3 Nf6 2.d4 d5 3.c4 dxc4 4.e3 e6 5.Bxc4 c5 6.O-O a6 7.dxc5 Qxd1 8.Rxd1 Bxc5
9.Nc3 Nbd7 10.Be2 b5 11.a3 Bb7 12.b4 Be7 13.Bb2 O-O 14.Rac1  1/2-1/2

[Event "ch-Paris"]
[Site "Paris FRA"]
[Date "2000.07.17"]
[Round "3"]
[White "Mikhalevski,A"]
[Black "Yacob,F"]
[Result "1-0"]
[WhiteElo "2464"]
[BlackElo "2266"]

1.d4 d5 2.c4 dxc4 3.Nf3 Nf6 4.e3 c5 5.Bxc4 e6 6.Qe2 a6 7.dxc5 Bxc5 8.O-O Qe7
9.e4 e5 10.Bg5 h6 11.Bxf6 Qxf6 12.Bxf7+ Qxf7 13.Nxe5 Qf6 14.Qh5+ g6 15.Nxg6 Qg5
16.Qxg5 hxg5 17.Nxh8 Bd4 18.Nc3 Nc6 19.h4 Bxh8 20.hxg5 Be6 21.f4 Bd4+ 22.Kh2 Kf7
23.Kg3 Re8 24.Rh1 Kg7 25.Rad1 Bc8 26.Kf3 Ne5+ 27.fxe5 Rf8+ 28.Ke2 Bg4+ 29.Kd3 Bxe5
30.Rdf1 Rd8+ 31.Nd5 Kg6 32.Rh6+ Kxg5 33.Rb6 Rd7 34.Rf8 Rg7 35.Re8 Bh2 36.Re7  1-0

[Event "10th Open"]
[Site "Jyvaskyla FIN"]
[Date "2000.07.21"]
[Round "5"]
[White "Lyrberg,P"]
[Black "Kallio,H"]
[Result "1-0"]
[WhiteElo "2413"]
[BlackElo "2451"]

1.d4 d5 2.c4 dxc4 3.e3 Nf6 4.Bxc4 e6 5.Nf3 c5 6.O-O a6 7.a3 Nbd7 8.Nc3 Qc7
9.Ba2 Bd6 10.h3 O-O 11.e4 cxd4 12.Nxd4 b5 13.f4 Bc5 14.Be3 Bb7 15.e5 Nxe5
16.fxe5 Qxe5 17.Qd2 Rad8 18.Rad1 Rd7 19.Qf2 Ba7 20.Nc2 Rxd1 21.Rxd1 Bb8 22.Ne1 a5
23.Nf3 Bxf3 24.Qxf3 b4 25.axb4 axb4 26.Na4 Ne4 27.Nb6 Qh2+ 28.Kf1 Ng3+ 29.Ke1 Nf5
30.Bf2 Ba7 31.Nc4 Qc7 32.b3 g6 33.Bb1 Re8 34.Bxa7 Qxa7 35.Qf2 Qc7 36.Bxf5 exf5+
37.Kf1 Qh2 38.Nd6 Re6 39.Qd4 h5 40.Ra1 Re5 41.Kf2 h4 42.Qxh4 Re2+ 43.Kxe2 Qe5+
44.Ne4 Qxa1 45.Nf6+ Kg7 46.Qh7+ Kf8 47.Qh8+  1-0

[Event "MTO Open"]
[Site "Biel SUI"]
[Date "2000.07.26"]
[Round "3"]
[White "Rufener,M"]
[Black "Jurek,J"]
[Result "1-0"]
[WhiteElo "2138"]
[BlackElo "2329"]

1.d4 d5 2.c4 dxc4 3.Nf3 Nf6 4.e3 e6 5.Bxc4 c5 6.O-O Nc6 7.Qe2 cxd4 8.Rd1 Be7
9.exd4 O-O 10.Nc3 Na5 11.Bd3 b6 12.Bg5 Bb7 13.Rac1 Rc8 14.Ne5 Nd5 15.Bxe7 Qxe7
16.Nxd5 Bxd5 17.Rc3 Qg5 18.g3 Qh6 19.Ba6 Qh3 20.f4 Nb7 21.Qc2 Rxc3 22.bxc3 Nd6
23.Bf1 Qf5 24.Qxf5 Nxf5 25.c4 Bb7 26.Bh3 Ne7 27.Kf2 Rd8 28.Ke3 g6 29.Rd3 Kg7
30.Ra3 a6 31.Rb3 b5 32.a4 f6 33.Nd3 Bc8 34.axb5 axb5 35.cxb5 e5 36.Bxc8 exd4+
37.Ke4 Nxc8 38.Nc5 Kf7 39.b6 Ne7 40.b7 Nc6 41.Na6 f5+ 42.Kd3 Re8 43.Rb6 Nb8
44.Nxb8 Rxb8 45.Kxd4 Ke7 46.Ke5 Kd7 47.Kf6  1-0

[Event "MTO Open"]
[Site "Biel SUI"]
[Date "2000.07.26"]
[Round "3"]
[White "Cvitan,O"]
[Black "Raetsky,A"]
[Result "1/2-1/2"]
[WhiteElo "2541"]
[BlackElo "2425"]

1.d4 d5 2.Nf3 Nf6 3.c4 dxc4 4.e3 e6 5.Bxc4 c5 6.O-O Nc6 7.Qe2 cxd4 8.Rd1 Be7
9.Nc3 O-O 10.Nxd4 Nxd4 11.exd4 Nd5 12.Qf3 Nxc3 13.bxc3 Bd7 14.d5 Ba4 15.Bb3 Bxb3
16.axb3 exd5 17.Rxd5 Qc8 18.c4 Bf6 19.Ra2 Rd8 20.Rad2 Rxd5 21.Rxd5 a6 22.g4 Qe6
23.Bf4 Re8 24.Rd6 Qe4 25.Kg2 h6 26.Rb6 Qxf3+ 27.Kxf3 Re7 28.Bxh6 Bd4 29.Rd6 Be5
30.Rd8+ Kh7 31.Bf4 Bxf4 32.Kxf4 Re2 33.Kg3 Rb2 34.Rd3 g5 35.f3 b6 36.Rd5 f6
37.Rd6 Rxb3 38.Rxf6 a5 39.Rc6 a4 40.c5 b5 41.Ra6 a3 42.c6 Rc3 43.c7 b4 44.Ra4 Rxc7
45.Rxb4 Ra7 46.Rb1 a2 47.Ra1  1/2-1/2

[Event "ch-HUN Women"]
[Site "Budapest HUN"]
[Date "2000.07.26"]
[Round "6"]
[White "Horvath,Ju"]
[Black "Goczo,M"]
[Result "1/2-1/2"]
[WhiteElo "2308"]
[BlackElo "2201"]

1.d4 d5 2.c4 dxc4 3.e3 Nf6 4.Bxc4 e6 5.Nf3 c5 6.O-O a6 7.a4 Nc6 8.Nc3 Be7
9.Qe2 cxd4 10.Rd1 e5 11.exd4 exd4 12.Nxd4 Nxd4 13.Qe3 O-O 14.Rxd4 Qc7 15.Qf4 Qxf4
16.Bxf4 Bf5 17.Bd6 Rfd8 18.Rad1 Bxd6 19.Rxd6 Rxd6 20.Rxd6 Rc8 21.f3 h6 22.Bb3 Kf8
23.g4 Bg6 24.h4 Rc7 25.h5 Bh7 26.Kf2 Ke7 27.Rd4 Rd7 28.Ke3 Rxd4 29.Kxd4 Nd7
30.a5 Nf8 31.Na4 Ne6+ 32.Bxe6 Kxe6 33.Nc5+ Kd6 34.Nxb7+ Kc6 35.Nd8+ Kb5 36.Nxf7 Kxa5
37.Kc5 Ka4 38.b4 Bd3 39.Ne5 Be2 40.f4 Kb3 41.g5 hxg5 42.fxg5 Bxh5 43.b5 axb5
44.Kxb5  1/2-1/2

[Event "MTO Open"]
[Site "Biel SUI"]
[Date "2000.07.28"]
[Round "5"]
[White "Cebalo,M"]
[Black "Raetsky,A"]
[Result "1/2-1/2"]
[WhiteElo "2520"]
[BlackElo "2425"]

1.d4 d5 2.Nf3 Nf6 3.c4 dxc4 4.e3 e6 5.Bxc4 c5 6.O-O Nc6 7.Qe2 cxd4 8.Rd1 Be7
9.exd4 O-O 10.Nc3 Na5 11.Bd3 b6 12.Bg5 Bb7 13.Rac1 Rc8 14.h4 h6 15.Bxf6 Bxf6
16.h5 Rc7 17.Bb1 Qc8 18.Qd3 Rd8 19.Qh7+ Kf8 20.Ne5 Ke7 21.f4 b5 22.Kh2 b4
23.Ne2 Bd5 24.b3 Qb7 25.Rxc7+ Qxc7 26.Rc1 Qb6 27.Be4 Bxe4 28.Qxe4 Kf8 29.Qh7 Ke7
30.Kh3 Kf8 31.Kh2 Ke7 32.Qe4 Kf8 33.Rc5 Nb7 34.Rc6 Nd6 35.Qc2 Qb8 36.Rc5 Bxe5
37.dxe5 Nf5 38.Ng3 Nxg3 39.Kxg3 Kg8 40.Qc4 Qb6 41.Kh2 Rb8 42.Kg3 Qd8 43.Rc7 Qd1
44.Rc8+  1/2-1/2

[Event "MTO Open"]
[Site "Biel SUI"]
[Date "2000.08.01"]
[Round "8"]
[White "Hanewinkel,W"]
[Black "Kleinhenz,HG"]
[Result "1/2-1/2"]
[WhiteElo "2022"]
[BlackElo "2041"]

1.d4 e6 2.Nf3 d5 3.c4 dxc4 4.e3 Nf6 5.Bxc4 c5 6.O-O cxd4 7.exd4 Be7 8.Nc3 O-O
9.Ne5 a6 10.a4 Qc7 11.Qe2 Nc6 12.Nxc6 Qxc6 13.Rd1 Qc7 14.Bd3 b6 15.Bg5 Bb7
16.Rac1 Qd8 17.Bb1 Re8 18.Qd3 g6 19.Ba2 Bd5 20.Bxf6 Bxf6 21.Nxd5 exd5 22.Qf3 Re4
23.Qc3 Qd6 24.Bb1  1/2-1/2

[Event "TCh-ESP"]
[Site "Barcelona ESP"]
[Date "2000.08.05"]
[Round "1"]
[White "Garcia Ilundain,D"]
[Black "Cifuentes Parada,R"]
[Result "1/2-1/2"]
[WhiteElo "2490"]
[BlackElo "2490"]

1.d4 d5 2.c4 dxc4 3.e3 Nf6 4.Bxc4 e6 5.Nf3 c5 6.O-O Nc6 7.Nc3 Be7 8.a3 O-O
9.dxc5 Bxc5 10.b4 Bd6 11.Nb5 Bb8 12.Bb2 Qe7 13.Qc2 e5 14.Ng5 h6 15.Ne4 Nxe4
16.Qxe4 Kh8 17.Rad1 f5 18.Qf3 e4 19.Qh5 Ne5 20.Bb3 Bd7 21.Nc3 Be8 22.Qh3 Ng4
23.g3  1/2-1/2

[Event "Open"]
[Site "Chania GRE"]
[Date "2000.08.05"]
[Round "3"]
[White "Bagaturov,G"]
[Black "Goritsas,C"]
[Result "1/2-1/2"]
[WhiteElo "2501"]
[BlackElo "2206"]

1.d4 d5 2.c4 dxc4 3.Nf3 Nf6 4.e3 e6 5.Bxc4 c5 6.O-O a6 7.a4 Nc6 8.Qe2 Qc7
9.Nc3 Bd6 10.h3 b6 11.Rd1 Bb7 12.dxc5 Bxc5 13.e4 Nh5 14.Be3 Nf4 15.Qd2 Bxe3
16.Qxe3 Ng6 17.Nd5 exd5 18.exd5+ Nce7 19.d6 Qxc4 20.Rac1 Qb4 21.Rc7 O-O 22.dxe7 Nxe7
23.Rxb7 Nf5 24.Qxb6 Qxa4 25.Rd5 Qf4 26.Qc5 g6 27.Rb4 Qh6 28.Ne5 Rac8 29.Nc6 Rxc6
30.Qxc6 Ne7 31.Qc5 Nxd5 32.Qxd5 Qc1+ 33.Kh2 Qc7+ 34.g3 Rb8 35.Re4 Rd8 36.Qb3 Rb8
37.Qe3 Qc6 38.b4 Rd8 39.Qf4 Rc8 40.Re7 Rf8 41.g4 Qb6 42.h4 a5 43.bxa5 Qxa5
44.h5 Qd8 45.Qe3 Qd6+ 46.Kh3 gxh5 47.gxh5 Qf6 48.Re4 h6 49.Rf4 Qe6+ 50.Rg4+ Kh7
51.Qd3+ Kh8 52.Qd4+ f6 53.Qd2 Kh7 54.Kh4 Rg8 55.Rxg8 Qxg8 56.Qf4 Qg5+ 57.Qxg5 hxg5+
58.Kg4 Kh6  1/2-1/2

[Event "TCh-ESP"]
[Site "Barcelona ESP"]
[Date "2000.08.13"]
[Round "9"]
[White "Corral Blanco,J"]
[Black "Gamundi Salamanca,A"]
[Result "1-0"]
[WhiteElo "2464"]
[BlackElo "2464"]

1.d4 d5 2.c4 dxc4 3.Nf3 Nf6 4.e3 e6 5.Bxc4 c5 6.O-O a6 7.Bb3 Nc6 8.Nc3 Be7
9.Ne5 cxd4 10.Nxc6 bxc6 11.exd4 O-O 12.Be3 a5 13.Qf3 Nd5 14.Rac1 Bd7 15.Rfd1 Qb8
16.Na4 Rc8 17.Qe2 Qa7 18.Qd3 Rab8 19.Bc2 g6 20.Bb3 Rb4 21.Bxd5 cxd5 22.Rxc8+ Bxc8
23.b3 Bd7 24.Nc5 Rb8 25.Qc3 Be8 26.Rc1 Qb6 27.h3 a4 28.Bf4 Ra8 29.b4 Bb5
30.a3 Re8 31.Re1 Bd8 32.Qg3 f6 33.Bd6 Kf7 34.h4 Qc6 35.Qf4 Qc8 36.Qh6 Rh8
37.Nxe6 Qxe6 38.Rxe6 Kxe6 39.Bf8 Rg8 40.Bc5 Kf7 41.Qxh7+ Rg7 42.Qh6 Bc7 43.h5 Bd8
44.Qh8  1-0

[Event "Penta Media GM"]
[Site "Kelamabakkam IND"]
[Date "2000.08.20"]
[Round "7"]
[White "Fominyh,A"]
[Black "Ganguly,S"]
[Result "1-0"]
[WhiteElo "2594"]
[BlackElo "2498"]

1.d4 d5 2.c4 dxc4 3.Nf3 Nf6 4.e3 e6 5.Bxc4 c5 6.O-O a6 7.Nc3 b5 8.Bb3 Bb7
9.e4 cxd4 10.Nxd4 Nbd7 11.Re1 Nc5 12.e5 Nxb3 13.axb3 Nd7 14.Qg4 b4 15.Na4 Bd5
16.h4 h5 17.Qg3 g6 18.Bg5 Qb8 19.Rac1 Bg7 20.Nc5 Qa7 21.Nxd7 Qxd7 22.Bf6 O-O
23.Bxg7 Kxg7 24.Ne2 Rac8 25.Rcd1 Kh7 26.Nf4 Rfd8 27.Qg5 Qe8 28.Re3 Rc7 29.Rg3 Qf8
30.Rd4 Rcd7 31.Qf6 Qe7 32.Nxh5 Qf8 33.Nf4  1-0